| 000 | 00496nam a2200181Ia 4500 | ||
|---|---|---|---|
| 001 | 11894 | ||
| 005 | 20260306162901.0 | ||
| 008 | 260306t2024||||xx |||||||||||||| ||spa|| | ||
| 041 | _aESP | ||
| 082 |
_aHR 261.8 _bN° 93 2024 ALLPANCHIS |
||
| 110 | _aUniversidad Católica San Pablo. Centro de Estudios Peruanos | ||
| 245 | 0 |
_aAllpanchis : _brevista de estudios andinos |
|
| 260 | _c2024 | ||
| 300 |
_a471 páginas : _c20 cm. |
||
| 650 | _aGEN | ||
| 654 | _aCHU | ||
| 942 |
_cREV _dJUS _fJUS _2ddc _n |
||
| 999 |
_c11894 _d11894 |
||